[Event "Frankfurt-chA"]
[Site "Frankfurt"]
[Date "2019.06.17"]
[Round "7"]
[White "Leichum, Engelbert"]
[Black "Bernhardt, Winfried"]
[Result "1/2-1/2"]
[WhiteElo "1570"]
[BlackElo "1419"]
[PlyCount "75"]
[EventDate "2019.04.29"]
[EventType "swiss"]
[EventRounds "7"]
[EventCountry "GER"]
[SourceTitle "EXT 2020"]
[Source "ChessBase"]
[SourceDate "2019.10.17"]
[SourceVersion "1"]
[SourceVersionDate "2019.10.17"]
[SourceQuality "1"]

1. e4 e5 2. d4 exd4 3. c3 dxc3 4. Bc4 Nf6 5. Nxc3 Bb4 6. Bxf7+ Kf8 7. Bb3 Bxc3+ 8. bxc3 Qe7 9. Ne2 Nxe4 10. 0-0 Qf6 11. Bb2 d6 12. Qc1 Ke7 13. c4 Qf7 14. c5 Be6 15. cxd6+ cxd6 16. Bc2 Rc8 17. f3 Nf6 18. Re1 Kf8 19. Nf4 Bf5 20. Re2 Nbd7 21. Qd1 Bxc2 22. Rxc2 Ne8 23. Nd3 Rc6 24. Re2 Rac8 25. Qa4 a6 26. Qh4 Ndf6 27. Rae1 Rc4 28. Qh3 Qd7 29. Qg3 Qc7 30. Re7 Qb6+ 31. Kh1 R4c7 32. Bxf6 gxf6 33. R7e4 Rg7 34. Qh3 Rd8 35. Nf4 Nc7 36. Qf5 Rf7 37. Nh5 Re8 38. Rxe8+ 1/2-1/2

[Event "Frankfurt-chA"]
[Site "Frankfurt"]
[Date "2019.06.03"]
[Round "6"]
[White "Bernhardt, Winfried"]
[Black "Schneider, Luca"]
[Result "0-1"]
[WhiteElo "1419"]
[BlackElo "1603"]
[PlyCount "88"]
[EventDate "2019.04.29"]
[EventType "swiss"]
[EventRounds "7"]
[EventCountry "GER"]
[SourceTitle "EXT 2020"]
[Source "ChessBase"]
[SourceDate "2019.10.17"]
[SourceVersion "1"]
[SourceVersionDate "2019.10.17"]
[SourceQuality "1"]

1. e4 c5 2. Nf3 Nc6 3. d4 cxd4 4. Nxd4 Nf6 5. Nxc6 bxc6 6. Nc3 e5 7. Bc4 Bb4 8. Qf3 d5 9. exd5 cxd5 10. Bb5+ Bd7 11. Bxd7+ Qxd7 12. 0-0 0-0 13. h3 Rac8 14. a3 Bxc3 15. bxc3 Ne4 16. Bb2 Nd2 17. Qd3 Nxf1 18. Rxf1 Qb7 19. Bc1 Rc4 20. Qg3 Re8 21. Bh6 f6 22. Bd2 d4 23. h4 Rec8 24. h5 dxc3 25. Bc1 Ra4 26. Qh3 Rcc4 27. Qe6+ Qf7 28. Qf5 Qe8 29. h6 Qc8 30. Qf3 Qc6 31. Qf5 g6 32. Qd3 Rd4 33. Qe2 Rh4 34. Rd1 Rad4 35. Rf1 Qc4 36. Qf3 Rh1+ 37. Kxh1 Qxf1+ 38. Kh2 Qxc1 39. Qa8+ Kf7 40. Qxa7+ Ke6 41. Qa6+ Kf5 42. Qc8+ Kg5 43. Qxc3 Rh4+ 44. Qh3 Qf4+ 0-1

[Event "Frankfurt-chA"]
[Site "Frankfurt"]
[Date "2018.06.04"]
[Round "5"]
[White "Both, Guenter"]
[Black "Bernhardt, Winfried"]
[Result "1-0"]
[WhiteElo "1523"]
[BlackElo "1463"]
[PlyCount "127"]
[EventDate "2018.04.30"]
[EventType "swiss"]
[EventRounds "7"]
[EventCountry "GER"]
[SourceTitle "EXT 2019"]
[Source "ChessBase"]
[SourceDate "2018.10.10"]
[SourceVersion "1"]
[SourceVersionDate "2018.10.10"]
[SourceQuality "1"]

1. e4 e5 2. Nf3 d6 3. d4 exd4 4. Nxd4 Nf6 5. Nc3 Be7 6. Be2 0-0 7. 0-0 a6 8. Be3 c5 9. Nf3 Nc6 10. a3 b5 11. Nd2 d5 12. exd5 Nxd5 13. Nxd5 Qxd5 14. c4 bxc4 15. Bxc4 Qe5 16. Qf3 Bd7 17. Bd5 Rac8 18. Bf4 Qxb2 19. Nc4 Qf6 20. Nb6 Nd4 21. Qe3 Nf5 22. Nxd7 Nxe3 23. Nxf6+ Bxf6 24. Bxe3 Bxa1 25. Rxa1 c4 26. Rc1 c3 27. Bb7 Rc7 28. Bxa6 Ra8 29. Bb6 Rxa6 30. Bxc7 Rxa3 31. Be5 f6 32. Bxc3 Kf7 33. f4 Ke6 34. g4 Kd5 35. Bb4 Ra4 36. Bd2 Ke4 37. h3 Kd3 38. Be1 Rxf4 39. Bg3 Rf3 40. Kg2 Re3 41. Rd1+ Ke4 42. Rd7 f5 43. Re7+ Kd3 44. Rd7+ Ke4 45. gxf5 Kxf5 46. Rxg7 h5 47. Bh4 Re5 48. Kf3 Ke6 49. Re7+ Kf5 50. Rxe5+ Kxe5 51. Bd8 Kf5 52. Kg3 Kg6 53. Kf4 Kh6 54. Kf5 h4 55. Bxh4 Kh5 56. Bg3 Kh6 57. Kg4 Kg6 58. h4 Kh6 59. Bf4+ Kh7 60. Kg5 Kg7 61. Be5+ Kh7 62. h5 Kg8 63. Kg6 Kf8 64. h6 1-0

[Event "Frankfurt-chA"]
[Site "Frankfurt"]
[Date "2018.05.14"]
[Round "3"]
[White "Baer, Christian"]
[Black "Bernhardt, Winfried"]
[Result "1/2-1/2"]
[WhiteElo "1544"]
[BlackElo "1463"]
[PlyCount "82"]
[EventDate "2018.04.30"]
[EventType "swiss"]
[EventRounds "7"]
[EventCountry "GER"]
[SourceTitle "EXT 2019"]
[Source "ChessBase"]
[SourceDate "2018.10.10"]
[SourceVersion "1"]
[SourceVersionDate "2018.10.10"]
[SourceQuality "1"]

1. d4 d5 2. c4 dxc4 3. e3 Nf6 4. Bxc4 Bf5 5. Nf3 h6 6. 0-0 e6 7. Nc3 a6 8. Re1 b5 9. Be2 Bb4 10. Bd2 0-0 11. Rc1 Nc6 12. Nxb5 Bxd2 13. Qxd2 Ne4 14. Qd1 axb5 15. Rxc6 Rxa2 16. Qb3 Qa8 17. Rec1 Ra1 18. h3 Rxc1+ 19. Rxc1 c6 20. g4 Bh7 21. Ne5 Rc8 22. Qb4 Ng5 23. Kh2 Qb8 24. f4 Ne4 25. Rxc6 Rxc6 26. Nxc6 Qb7 27. Qxb5 Qxb5 28. Bxb5 Nd2 29. Nb4 Be4 30. Bd3 Bxd3 31. Nxd3 Nf1+ 32. Kg2 Nxe3+ 33. Kf3 Nc4 34. b4 Kf8 35. h4 Ke7 36. g5 h5 37. Ne5 Nd6 38. Ke3 Nf5+ 39. Kd3 Nxh4 40. Ke4 Nf5 41. b5 f6 1/2-1/2

[Event "Frankfurt-chA"]
[Site "Frankfurt"]
[Date "2015.06.15"]
[Round "7"]
[White "Bernhardt, Winfried"]
[Black "Bergmann, Michael"]
[Result "0-1"]
[WhiteElo "1385"]
[BlackElo "1590"]
[PlyCount "78"]
[EventDate "2015.04.27"]
[EventType "swiss"]
[EventRounds "7"]
[EventCountry "GER"]
[SourceTitle "EXT 2016"]
[Source "ChessBase"]
[SourceDate "2015.10.08"]
[SourceVersion "1"]
[SourceVersionDate "2015.10.08"]
[SourceQuality "1"]

1. e4 e5 2. Nf3 Nc6 3. d4 exd4 4. Nxd4 Nf6 5. Nxc6 bxc6 6. Bd3 Bc5 7. 0-0 0-0 8. e5 Nd5 9. c4 Ne7 10. Nc3 Ng6 11. Bxg6 fxg6 12. Ne4 Qe7 13. Nxc5 Qxc5 14. Qe2 Ba6 15. b3 Rae8 16. Bb2 Re6 17. Kh1 d6 18. f4 d5 19. a4 Qb6 20. Qc2 dxc4 21. bxc4 c5 22. Rab1 Qc6 23. Rf3 Ree8 24. Rd1 Qe6 25. Rd5 Bb7 26. Rfd3 Bxd5 27. cxd5 Rxf4 28. h3 Qf5 29. d6 cxd6 30. exd6 Rf1+ 31. Kh2 Qf4+ 32. Rg3 Re3 33. Qc4+ Qxc4 34. Rxe3 Qf4+ 35. Rg3 Qxd6 36. Ba3 Rh1+ 37. Kxh1 Qxg3 38. Bxc5 Qe1+ 39. Bg1 Qa1 0-1

[Event "Frankfurt-chA"]
[Site "Frankfurt"]
[Date "2013.04.29"]
[Round "1"]
[White "Hilbenz, Guntram"]
[Black "Bernhardt, Winfried"]
[Result "1-0"]
[WhiteElo "1888"]
[BlackElo "1359"]
[PlyCount "105"]
[EventDate "2013.04.29"]
[EventType "swiss"]
[EventRounds "7"]
[EventCountry "GER"]
[SourceTitle "EXT 2014"]
[Source "ChessBase"]
[SourceDate "2013.11.20"]
[SourceVersion "1"]
[SourceVersionDate "2013.11.20"]
[SourceQuality "1"]

1. c4 d6 2. g3 Nf6 3. Bg2 c6 4. Nc3 e6 5. Nf3 Be7 6. d4 h6 7. 0-0 Nbd7 8. e4 Qc7 9. h3 Nh7 10. Be3 Qa5 11. Nd2 Rb8 12. Rb1 0-0 13. b4 Qd8 14. f4 a5 15. a3 b5 16. d5 exd5 17. cxd5 c5 18. bxc5 Nxc5 19. Nxb5 Ba6 20. Bxc5 Bxb5 21. Ba7 Rb7 22. Rf3 Qa8 23. Bd4 Rfb8 24. Rfb3 Nf8 25. R3b2 Bd3 26. Rxb7 Rxb7 27. Rxb7 Qxb7 28. Qb3 Qa6 29. Qb6 Qa8 30. Bf1 Bc2 31. Bb5 Qd8 32. Qxd8 Bxd8 33. Kf2 a4 34. Ke3 Ng6 35. Nc4 Bc7 36. Nb2 Ne7 37. Bxa4 Bxa4 38. Nxa4 f5 39. Bb6 Bb8 40. Bd8 Nc8 41. Nc3 Ba7+ 42. Kf3 g6 43. Nb5 Bc5 44. e5 Kf7 45. e6+ Ke8 46. Bc7 Ke7 47. a4 Nb6 48. Bxb6 Bxb6 49. g4 h5 50. gxf5 gxf5 51. Na3 Bc5 52. Nc4 Kd8 53. Ne3 1-0

[Event "Frankfurt-chA"]
[Site "Frankfurt"]
[Date "2012.05.31"]
[Round "4"]
[White "Arnold, Michael"]
[Black "Bernhardt, Winfried"]
[Result "1/2-1/2"]
[WhiteElo "1703"]
[BlackElo "1304"]
[PlyCount "128"]
[EventDate "2012.04.30"]
[EventType "swiss"]
[EventRounds "7"]
[EventCountry "GER"]
[SourceTitle "EXT 2013"]
[Source "ChessBase"]
[SourceDate "2012.11.22"]
[SourceVersion "1"]
[SourceVersionDate "2012.11.22"]
[SourceQuality "1"]

1. e4 e5 2. Nf3 d6 3. Bc4 h6 4. 0-0 Nf6 5. Re1 Be7 6. d4 Nbd7 7. dxe5 dxe5 8. Nc3 c6 9. h3 Qc7 10. Be3 b5 11. Bd3 Bc5 12. Qe2 Bxe3 13. Qxe3 0-0 14. Nh4 Nb6 15. Nf5 Bxf5 16. exf5 Rae8 17. Ne4 Nxe4 18. Qxe4 Nd7 19. Qh4 Nf6 20. Re3 Nh7 21. Rae1 f6 22. c4 b4 23. Bc2 Rd8 24. c5 Rd4 25. Re4 Rfd8 26. Rxd4 exd4 27. Bb3+ Kh8 28. Qxd4 Rb8 29. Rd1 Nf8 30. Qc4 Nh7 31. Qe6 Ng5 32. Qd7 Qxd7 33. Rxd7 Ne4 34. Rxa7 Nxc5 35. Bf7 Nd3 36. Rc7 Ne5 37. Bb3 h5 38. Bd1 h4 39. Be2 g5 40. fxg6 Nxg6 41. Rxc6 Nf4 42. Bg4 Kg7 43. Rc4 Ng6 44. Bh5 b3 45. a3 Rd8 46. Rb4 Rd3 47. Be2 Rd2 48. Bc4 Rxb2 49. Rxb3 Rc2 50. Bd5 Kh6 51. Be4 Rc1+ 52. Kh2 Nf4 53. a4 Ra1 54. Bc6 Ne6 55. Rf3 Kg5 56. Re3 Nc5 57. Rc3 Nxa4 58. Bxa4 Rxa4 59. g3 hxg3+ 60. Kxg3 f5 61. Rc5 Ra3+ 62. f3 Rd3 63. Rc4 Rd5 64. Ra4 Rb5 1/2-1/2

[Event "Frankfurt-chA"]
[Site "Frankfurt"]
[Date "2012.04.30"]
[Round "1"]
[White "Bernhardt, Winfried"]
[Black "Froehlich Dill, Astrid"]
[Result "0-1"]
[WhiteElo "1304"]
[BlackElo "1825"]
[PlyCount "70"]
[EventDate "2012.04.30"]
[EventType "swiss"]
[EventRounds "7"]
[EventCountry "GER"]
[SourceTitle "EXT 2013"]
[Source "ChessBase"]
[SourceDate "2012.11.22"]
[SourceVersion "1"]
[SourceVersionDate "2012.11.22"]
[SourceQuality "1"]

1. e4 c5 2. Nf3 Nc6 3. d4 cxd4 4. Nxd4 e6 5. Be3 Nf6 6. f3 a6 7. Be2 d5 8. Nxc6 bxc6 9. e5 Nd7 10. Bf4 Qb6 11. b3 Bc5 12. c3 Bf2+ 13. Kf1 Be3 14. Bg3 0-0 15. Qd3 d4 16. c4 f6 17. exf6 Nxf6 18. Na3 Nh5 19. Nc2 Nf4 20. Bxf4 Rxf4 21. g3 Rf6 22. Kg2 Bb7 23. Nxe3 dxe3 24. Rad1 Raf8 25. Qc3 e5 26. c5 Qc7 27. Qxe3 Qe7 28. Rd3 Bc8 29. f4 Qe6 30. Rd2 Qh3+ 31. Kg1 exf4 32. Bc4+ Kh8 33. Qe7 fxg3 34. Rg2 Qg4 35. Rxg3 Qd1+ 0-1